000
00299nam a22001337a 4500
008
170607b xxu||||| |||| 00| 0 eng d
020
_a
9780495797760
041
_a
eng
080
_2
9TH
_a
32
100
_a
18
101
_a
SHP
245
_a
UNDERSTANDING POLITICS
_c
MAGSTADT,TH.M
942
_2
udc
_c
BK
999
_c
16349
_d
16349